| 000 | 00351nam a2200133Ia 4500 | ||
|---|---|---|---|
| 008 | 191014s9999 xx 000 0 und d | ||
| 020 | _a0-521-29518-1 | ||
| 082 |
_a539.754 _bTAY |
||
| 100 |
_aJ.c.Taylor _920379 |
||
| 245 | 0 | _aGauge Theory Of Weak Interactions | |
| 260 |
_aUK _bCambridge University Press _c1976 |
||
| 300 | _aXvii,165 | ||
| 942 | _cBK | ||
| 999 |
_c530957 _d530957 |
||